Top Gold Producing Countries - Statistics

General Stats
  • This quiz has been taken 1,020 times
  • The average score is 7 of 10
Answer Stats
# Gold Production (Metric Tons) Country % Correct
3 227 USA
98%
1 420 China
95%
4 220 Russia
92%
7 120 Canada
90%
6 145 South Africa
86%
2 255 Australia
84%
8 100 Mexico
82%
5 150 Peru
53%
10 85 Ghana
24%
9 93 Uzbekistan
11%
No matching quizzes found
Score Distribution
Percent of People with Each Score
Percentile by Number Answered
Your Score History
You have not taken this quiz